[Event "Rubinstein Memorial op-A 57th"]
[Site "Polanica Zdroj"]
[Date "2021.08.16"]
[Round "3"]
[White "Majocha, Piotr"]
[Black "Marszalek, Maciej"]
[Result "1/2-1/2"]
[WhiteElo "1978"]
[BlackElo "2303"]
[PlyCount "81"]
[EventDate "2021.08.14"]
[EventType "swiss"]
[EventRounds "9"]
[EventCountry "POL"]
[SourceTitle "CBM 203 Extra"]
[Source "ChessBase"]
[SourceDate "2021.09.30"]
[SourceVersion "1"]
[SourceVersionDate "2021.09.30"]
[SourceQuality "1"]

1. d4 Nf6 2. c4 e6 3. Nf3 c5 4. d5 exd5 5. cxd5 d6 6. Nc3 g6 7. h3 Bg7 8. Bf4 0-0 9. e3 a6 10. a4 Qe7 11. Nd2 Nbd7 12. Be2 Ne8 13. 0-0 f5 14. Qb3 Ne5 15. Bh2 Kh8 16. Rae1 b5 17. axb5 axb5 18. Nxb5 Nc7 19. Nxc7 Qxc7 20. Qc2 Bb7 21. Bxe5 Bxe5 22. Bc4 Qg7 23. Rb1 f4 24. b4 fxe3 25. fxe3 Rxf1+ 26. Nxf1 cxb4 27. Rxb4 Rf8 28. Rb1 Bc8 29. Qe2 Qa7 30. Kh1 Bf5 31. Bd3 Bd7 32. Nd2 Qc5 33. Rf1 Rxf1+ 34. Qxf1 Kg7 35. e4 Bf6 36. Nc4 Bb5 37. Nd2 Qe3 38. Bxb5 Qxd2 39. Qe2 Qb4 40. Bd3 Be5 41. Qf2 1/2-1/2

[Event "POL-chT 2nd League"]
[Site "Poronin"]
[Date "2020.09.12"]
[Round "8.17"]
[White "Majocha, Piotr"]
[Black "Walaszczyk, Witold"]
[Result "1/2-1/2"]
[WhiteElo "2047"]
[BlackElo "2028"]
[PlyCount "123"]
[EventDate "2020.09.05"]
[EventType "team-swiss"]
[EventRounds "9"]
[EventCountry "POL"]
[SourceTitle "CBM 198 Extra"]
[Source "ChessBase"]
[SourceDate "2020.11.30"]
[SourceVersion "1"]
[SourceVersionDate "2020.11.30"]
[SourceQuality "1"]
[WhiteTeam "Radkow Giecek"]
[BlackTeam "Konin Hetman"]
[WhiteTeamCountry "POL"]
[BlackTeamCountry "POL"]

1. c4 c6 2. Nf3 d5 3. e3 Nf6 4. Nc3 e6 5. d4 Bd6 6. Qc2 0-0 7. b3 Nbd7 8. Be2 b6 9. cxd5 exd5 10. 0-0 Bb7 11. Bd3 h6 12. Bb2 Rc8 13. Rac1 Re8 14. Qb1 Nf8 15. e4 Bf4 16. Rcd1 dxe4 17. Nxe4 Nd5 18. Nc3 Nxc3 19. Bxc3 Qf6 20. Qb2 Bb8 21. d5 Qf4 22. Bc4 cxd5 23. Bxd5 Bxd5 24. Rxd5 Ne6 25. Be5 Qe4 26. Rd2 Bxe5 27. Qxe5 Qxe5 28. Nxe5 Nf4 29. Nc4 Re2 30. Rxe2 Nxe2+ 31. Kh1 Nc3 32. a4 Nxa4 33. Nd6 Rd8 34. Nxf7 Kxf7 35. bxa4 Rd2 36. a5 b5 37. g3 Ra2 38. Rc1 Rxa5 39. Rc7+ Kf6 40. Kg2 Ra3 41. Rb7 a6 42. h4 h5 43. f3 Ra4 44. Kf2 b4 45. Ke3 a5 46. g4 hxg4 47. fxg4 b3 48. Rxb3 Rxg4 49. Rb6+ Kf7 50. Ra6 a4 51. h5 Rh4 52. Kf3 Ke7 53. h6 gxh6 54. Kg3 Re4 55. Rxh6 Re6 56. Rh7+ Kd6 57. Ra7 Re4 58. Kf3 Rh4 59. Ke3 Kc5 60. Kd3 Kb4 61. Kc2 Ka3 62. Kb1 1/2-1/2

[Event "POL-chT 2nd League"]
[Site "Poronin"]
[Date "2020.09.11"]
[Round "7.14"]
[White "Majocha, Piotr"]
[Black "Szmacinski, Slawomir"]
[Result "1/2-1/2"]
[WhiteElo "2047"]
[BlackElo "1852"]
[PlyCount "44"]
[EventDate "2020.09.05"]
[EventType "team-swiss"]
[EventRounds "9"]
[EventCountry "POL"]
[SourceTitle "CBM 198 Extra"]
[Source "ChessBase"]
[SourceDate "2020.11.30"]
[SourceVersion "1"]
[SourceVersionDate "2020.11.30"]
[SourceQuality "1"]
[WhiteTeam "Radkow Giecek"]
[BlackTeam "Lodz Okucia Budowlane"]
[WhiteTeamCountry "POL"]
[BlackTeamCountry "POL"]

1. d4 Nf6 2. c4 e6 3. Nf3 b6 4. a3 Bb7 5. Nc3 d5 6. cxd5 exd5 7. g3 Nbd7 8. Bg2 Be7 9. 0-0 0-0 10. Bf4 a6 11. Ne5 Rc8 12. Qb3 c6 13. Nxd7 Nxd7 14. Rfd1 b5 15. e4 Nb6 16. Bh3 Ra8 17. exd5 cxd5 18. Na2 g5 19. Bd2 f5 20. Ba5 Qd6 21. Re1 Rae8 22. Bb4 Qd7 1/2-1/2

[Event "Rubinstein Memorial 56th"]
[Site "Polanica Zdroj"]
[Date "2020.08.21"]
[Round "7"]
[White "Majocha, Piotr"]
[Black "Vanduyfhuys, Daria"]
[Result "0-1"]
[WhiteElo "1972"]
[BlackElo "2050"]
[PlyCount "112"]
[EventDate "2020.08.15"]
[EventType "swiss"]
[EventRounds "9"]
[EventCountry "POL"]
[SourceTitle "CBM 197 Extra"]
[Source "ChessBase"]
[SourceDate "2020.09.30"]
[SourceVersion "1"]
[SourceVersionDate "2020.09.30"]
[SourceQuality "1"]

1. c4 e6 2. Nf3 d5 3. d4 Be7 4. g3 Nf6 5. Bg2 0-0 6. 0-0 dxc4 7. Ne5 Nc6 8. Nxc6 bxc6 9. Bxc6 Rb8 10. Bf3 c5 11. dxc5 Bxc5 12. Qc2 Ba6 13. Bf4 Rc8 14. Nc3 Re8 15. Rad1 Qa5 16. Na4 Bb4 17. a3 Bf8 18. Nc3 Red8 19. Be3 Bc5 20. Bxc5 Qxc5 21. Rxd8+ Rxd8 22. Rd1 Rb8 23. Qa4 Qb6 24. Rd2 g6 25. h4 h5 26. Qc6 Qxc6 27. Bxc6 Kf8 28. Ne4 Ng4 29. Nc5 Rc8 30. Nxa6 Rxc6 31. Nb4 Rc7 32. Na2 Ke7 33. Nc3 Rb7 34. f3 Ne3 35. Kf2 Nf5 36. e4 Nd6 37. Ke3 e5 38. f4 Rb3 39. Ke2 f5 40. fxe5 Nxe4 41. Nxe4 fxe4 42. Rd4 Rxb2+ 43. Ke3 Rb3+ 44. Kxe4 Rxg3 45. Kd5 Rg4 46. Rd1 Rxh4 47. Rb1 c3 48. Rb7+ Kd8 49. Rb8+ Kc7 50. Rb5 Rh3 51. Ke6 Re3 52. Rc5+ Kb6 53. Rc8 h4 54. Kf6 h3 55. e6 h2 56. Rh8 c2 0-1

[Event "Rubinstein Memorial 56th"]
[Site "Polanica Zdroj"]
[Date "2020.08.16"]
[Round "2"]
[White "Goluch, Piotr"]
[Black "Majocha, Piotr"]
[Result "1-0"]
[WhiteElo "2373"]
[BlackElo "1972"]
[PlyCount "103"]
[EventDate "2020.08.15"]
[EventType "swiss"]
[EventRounds "9"]
[EventCountry "POL"]
[SourceTitle "CBM 197 Extra"]
[Source "ChessBase"]
[SourceDate "2020.09.30"]
[SourceVersion "1"]
[SourceVersionDate "2020.09.30"]
[SourceQuality "1"]

1. e4 e6 2. d4 d5 3. Nd2 Nf6 4. e5 Nfd7 5. f4 c5 6. c3 Nc6 7. Ndf3 Qb6 8. g3 cxd4 9. cxd4 Bb4+ 10. Kf2 g6 11. Kg2 Ndb8 12. a3 Be7 13. b4 Bd7 14. Be3 Nd8 15. Bd3 Bb5 16. Ne2 Bxd3 17. Qxd3 Ndc6 18. Rac1 Nd7 19. g4 h5 20. h3 hxg4 21. hxg4 Rxh1 22. Kxh1 a6 23. f5 gxf5 24. gxf5 0-0-0 25. f6 Rh8+ 26. Kg2 Bd8 27. Ng5 Rf8 28. Kf2 Bc7 29. Nf3 Kb8 30. Nc3 Qa7 31. Na4 Bb6 32. Nc5 Bxc5 33. bxc5 Ka8 34. Qh7 Qb8 35. Rg1 Qe8 36. Bd2 Rh8 37. Qg7 Ndb8 38. Rg4 Nd8 39. Ba5 Nbc6 40. Bc7 Ka7 41. Kg2 Ka8 42. Nd2 Rh5 43. Qg8 Rh8 44. Qxe8 Rxe8 45. Nf3 Ka7 46. Rg7 Rh8 47. Kf2 a5 48. a4 Ka6 49. Ke3 Rf8 50. Ng5 Ka7 51. Rh7 Ka6 52. Bd6 1-0

[Event "Rubinstein Memorial 56th"]
[Site "Polanica Zdroj"]
[Date "2020.08.15"]
[Round "1"]
[White "Majocha, Piotr"]
[Black "Marszalek, Maciej"]
[Result "1/2-1/2"]
[WhiteElo "1972"]
[BlackElo "2305"]
[PlyCount "147"]
[EventDate "2020.08.15"]
[EventType "swiss"]
[EventRounds "9"]
[EventCountry "POL"]
[SourceTitle "CBM 197 Extra"]
[Source "ChessBase"]
[SourceDate "2020.09.30"]
[SourceVersion "1"]
[SourceVersionDate "2020.09.30"]
[SourceQuality "1"]

1. Nf3 Nf6 2. c4 c6 3. Nc3 d5 4. e3 e6 5. d4 Nbd7 6. Qc2 Bd6 7. Be2 0-0 8. 0-0 dxc4 9. Bxc4 e5 10. Bd3 h6 11. Ne4 Nxe4 12. Bxe4 exd4 13. Nxd4 Nf6 14. Bf3 Qc7 15. g3 Bh3 16. Rd1 Be5 17. Bd2 Bxd4 18. exd4 Qd7 19. Bc3 Bg4 20. Bxg4 Qxg4 21. Re1 Rfe8 22. Kg2 Nd5 23. Qd2 f6 24. h3 Qg6 25. Rxe8+ Rxe8 26. Re1 Rxe1 27. Qxe1 Kf7 28. Qd2 Qe4+ 29. Kh2 Nc7 30. Qd1 Qd5 31. a3 Ne6 32. Qa4 a6 33. Qb4 Qd7 34. h4 g5 35. hxg5 Nxg5 36. Qb3+ Kg7 37. Bd2 Nf7 38. Be3 h5 39. Kg1 Nd8 40. Qb4 Ne6 41. Qb6 Qf7 42. Qb3 Ng5 43. Qd1 Nh7 44. Qf3 Nf8 45. Qf4 Nd7 46. Qf5 Nb6 47. Qf4 Nd5 48. Qe4 Qe7 49. Qf3 Qe6 50. Kg2 Qg4 51. Qxg4+ hxg4 52. Kf1 Kf7 53. Ke2 Ke6 54. f3 gxf3+ 55. Kxf3 f5 56. b3 b5 57. Bd2 Nf6 58. Ke2 Kd5 59. Kd3 Ne4 60. Bf4 Nf2+ 61. Ke2 Ng4 62. Kd3 Nf6 63. Be5 Nd7 64. Bc7 Nf8 65. Bf4 Ne6 66. Be3 Nd8 67. Bf4 Nb7 68. Bc7 Ke6 69. Kc3 Kd7 70. Bf4 a5 71. a4 Ke6 72. Kd3 Kd5 73. Bc7 bxa4 74. bxa4 1/2-1/2

[Event "POL-ch U18"]
[Site "Szklarska Poreba"]
[Date "2020.03.10"]
[Round "4"]
[White "Golenia, Jan"]
[Black "Majocha, Piotr"]
[Result "1/2-1/2"]
[WhiteElo "2119"]
[BlackElo "1890"]
[PlyCount "82"]
[EventDate "2020.03.07"]
[EventType "swiss"]
[EventRounds "8"]
[EventCountry "POL"]
[SourceTitle "CBM 195 Extra"]
[Source "ChessBase"]
[SourceDate "2020.05.31"]
[SourceVersion "1"]
[SourceVersionDate "2020.05.31"]
[SourceQuality "1"]

1. d4 Nf6 2. Bg5 e6 3. e4 Be7 4. Nd2 d5 5. e5 Nfd7 6. Bxe7 Qxe7 7. Qg4 0-0 8. Bd3 c5 9. Ngf3 f5 10. exf6 Nxf6 11. Qh4 Nc6 12. c3 cxd4 13. Nxd4 Qc7 14. 0-0 e5 15. Nb5 Qb6 16. c4 e4 17. Be2 Nd4 18. Nxd4 Qxd4 19. Qg5 Be6 20. b3 h6 21. Qe3 Qxe3 22. fxe3 dxc4 23. Bxc4 Bxc4 24. Nxc4 Rad8 25. Rad1 b6 26. Nd6 Ng4 27. Rfe1 Nxe3 28. Rd2 Nf5 29. Nxe4 Rxd2 30. Nxd2 Rd8 31. Nf3 Nd4 32. Ne5 Re8 33. Kf2 Re6 34. Nd3 Rxe1 35. Nxe1 Kf7 36. Ke3 Nf5+ 37. Ke4 Ke6 38. Nf3 Nd6+ 39. Kd4 Nf5+ 40. Ke4 Nd6+ 41. Kd4 Nf5+ 1/2-1/2

[Event "POL-ch U18"]
[Site "Szklarska Poreba"]
[Date "2020.03.07"]
[Round "1"]
[White "Golecki, Jan"]
[Black "Majocha, Piotr"]
[Result "1/2-1/2"]
[WhiteElo "2172"]
[BlackElo "1890"]
[PlyCount "183"]
[EventDate "2020.03.07"]
[EventType "swiss"]
[EventRounds "8"]
[EventCountry "POL"]
[SourceTitle "CBM 195 Extra"]
[Source "ChessBase"]
[SourceDate "2020.05.31"]
[SourceVersion "1"]
[SourceVersionDate "2020.05.31"]
[SourceQuality "1"]

1. e4 e6 2. d4 d5 3. Nd2 dxe4 4. Nxe4 Nd7 5. Bd3 Ngf6 6. Qe2 Be7 7. Nf3 0-0 8. Bg5 c5 9. dxc5 Nxc5 10. Nxc5 Qa5+ 11. c3 Qxc5 12. 0-0-0 Qc7 13. Bc2 h6 14. h4 Rd8 15. Bxf6 Qf4+ 16. Kb1 Rxd1+ 17. Rxd1 Qxf6 18. g4 g6 19. Qe4 Qg7 20. h5 g5 21. Nd4 Bf6 22. Nb5 Rb8 23. Nxa7 b6 24. Nxc8 Rxc8 25. Rd7 Rd8 26. Qc6 Rxd7 27. Qxd7 Qf8 28. Qc7 Qd8 29. Qxd8+ Bxd8 30. Be4 Kg7 31. Kc2 Kf6 32. Kd3 Ke5 33. Ke3 f5 34. Bf3 Be7 35. b4 Bd6 36. a4 Bc7 37. Bd1 Bd6 38. f3 Be7 39. Bb3 Bf6 40. a5 bxa5 41. bxa5 fxg4 42. fxg4 Bd8 43. a6 Bb6+ 44. Kd3 Ba7 45. Kc4 Kd6 46. Kb5 Bf2 47. Bc2 Ba7 48. Bh7 Bf2 49. Bg8 Ba7 50. c4 Bf2 51. Bxe6 Ba7 52. Bf5 Bc5 53. a7 Bxa7 54. Ka6 Bd4 55. Kb7 Bc5 56. Kc8 Bb6 57. Bb1 Ba5 58. c5+ Kxc5 59. Kd7 Bd2 60. Ke6 Kc6 61. Ba2 Kc7 62. Ke7 Bc1 63. Kf7 Kd8 64. Be6 Bd2 65. Bf5 Bc1 66. Kf8 Bd2 67. Bb1 Bc1 68. Ba2 Bd2 69. Kg7 Ke7 70. Kxh6 Kf8 71. Kg6 Bc1 72. h6 Bd2 73. Kf6 Bc1 74. Ke5 Bb2+ 75. Ke6 Bc3 76. Kf5 Bd2 77. Kg6 Bc1 78. h7 Bb2 79. Kxg5 Ba1 80. Kg6 Bb2 81. g5 Ba1 82. Kh6 Bb2 83. g6 Bc3 84. Bf7 Bb2 85. Kg5 Bc3 86. Kf5 Bb2 87. Ke6 Kg7 88. Ke7 Bf6+ 89. Ke8 Bc3 90. Bg8 Bb2 91. h8N Kxh8 92. Kf7 1/2-1/2

[Event "POL-chT U20 2nd League"]
[Site "Sypniewo"]
[Date "2020.??.??"]
[Round "1.55"]
[White "Grodecki, Filip"]
[Black "Majocha, Piotr"]
[Result "1-0"]
[WhiteElo "1753"]
[BlackElo "2074"]
[PlyCount "63"]
[EventDate "2020.10.23"]
[EventType "team-swiss"]
[EventRounds "9"]
[EventCountry "POL"]
[SourceTitle "CBM 199 Extra"]
[Source "ChessBase"]
[SourceDate "2021.01.31"]
[SourceVersion "1"]
[SourceVersionDate "2021.01.31"]
[SourceQuality "1"]

1. d4 d5 2. Bf4 Nf6 3. e3 c5 4. c3 Nc6 5. Nf3 Qb6 6. Qc1 Bf5 7. Nbd2 h6 8. dxc5 Qxc5 9. Nb3 Qb6 10. h3 a6 11. Be2 e6 12. 0-0 Be7 13. c4 0-0 14. c5 Qa7 15. Nfd4 Bh7 16. a4 Nxd4 17. exd4 b6 18. a5 bxc5 19. Nxc5 g5 20. Bh2 Ne4 21. b4 Nxc5 22. bxc5 Rad8 23. Qe3 e5 24. Rfe1 e4 25. Qd2 f5 26. Be5 f4 27. Qb2 Qd7 28. c6 Qe6 29. c7 Rde8 30. Qb6 Qf7 31. Bg4 Bf5 32. Qxh6 1-0

[Event "POL-chT U20 2nd League"]
[Site "Sypniewo"]
[Date "2020.??.??"]
[Round "2.7"]
[White "Majocha, Piotr"]
[Black "Gardian, Adam"]
[Result "1-0"]
[WhiteElo "2074"]
[BlackElo "1859"]
[PlyCount "61"]
[EventDate "2020.10.23"]
[EventType "team-swiss"]
[EventRounds "9"]
[EventCountry "POL"]
[SourceTitle "CBM 199 Extra"]
[Source "ChessBase"]
[SourceDate "2021.01.31"]
[SourceVersion "1"]
[SourceVersionDate "2021.01.31"]
[SourceQuality "1"]

1. Nf3 e6 2. c4 f5 3. g3 Nf6 4. Bg2 Be7 5. 0-0 0-0 6. d4 d6 7. Nc3 Ne4 8. Qc2 Nxc3 9. Qxc3 Bf6 10. Qc2 e5 11. dxe5 dxe5 12. e4 f4 13. gxf4 exf4 14. Bxf4 Bxb2 15. Rad1 Qe7 16. Bxc7 Qxc7 17. Qxb2 Bg4 18. Rd3 Nd7 19. Nd4 Nc5 20. Rg3 Be6 21. Nxe6 Nxe6 22. e5 Nf4 23. Bd5+ Kh8 24. Re1 Qa5 25. Qc3 Qxa2 26. e6 Nh5 27. Rg2 Rf6 28. Bxb7 Re8 29. f3 Qa4 30. Ra1 Rxf3 31. Bxf3 1-0